[Event "Sparkassen-Open A"]
[Site "Heusenstamm, Martinsee"]
[Date "2021.11.20"]
[Round "4.32"]
[White "Haack, Kevin"]
[Black "Kempe, Caius Emilian"]
[Result "1/2-1/2"]
[WhiteElo "2100"]
[BlackElo "1975"]
[PlyCount "105"]
[EventDate "2021.??.??"]
[WhiteTeam "SV Hofheim"]
[BlackTeam "USV TU Dresden"]

1. c4 e5 2. Nc3 Nf6 3. Nf3 Nc6 4. e4 Bc5 5. Nxe5 Bxf2+ 6. Kxf2 Nxe5 7. d4 Neg4+
8. Kg1 h5 9. h3 Nh6 10. Bg5 d6 11. Qf3 Nhg8 12. Re1 Ne7 13. e5 dxe5 14. dxe5
Qd4+ 15. Re3 Nfg8 16. Kh2 c6 17. Ne4 Nf5 18. Qf4 Qxe3 19. Nd6+ Kf8 20. Qxf5
Bxf5 21. Bxe3 Ne7 22. Bg5 Be6 23. Bd3 h4 24. g4 hxg3+ 25. Kxg3 Ng6 26. Bxg6
fxg6 27. Nxb7 Bxc4 28. b3 Bd5 29. Rf1+ Ke8 30. e6 Bxe6 31. Re1 Rxh3+ 32. Kg2
Rh5 33. Rxe6+ Kf7 34. Re5 Rb8 35. Nd6+ Kg8 36. Ne4 Rb4 37. Ng3 Rg4 38. Bf4 Rxf4
39. Nxh5 gxh5 40. Rxh5 Rd4 41. Ra5 Rd7 42. Kf3 Kf7 43. Rc5 Rc7 44. Ke4 Ke6 45.
Kd4 Kd6 46. Rg5 Rd7 47. Rg6+ Kc7+ 48. Kc5 Kb7 49. a4 a5 50. Rxc6 Rc7 51. Rxc7+
Kxc7 52. b4 axb4 53. Kxb4 1/2-1/2

[Event "Sparkassen-Open A"]
[Site "Heusenstamm, Martinsee"]
[Date "2021.11.20"]
[Round "4.33"]
[White "Hänselmann, Hendrik"]
[Black "Hagner, Bennet"]
[Result "0-1"]
[WhiteElo "1865"]
[BlackElo "2096"]
[PlyCount "82"]
[EventDate "2021.??.??"]
[WhiteTeam "Karlsruher SF"]
[BlackTeam "Frankfurter TV"]

1. e4 e5 2. Nf3 Nc6 3. Nc3 Nf6 4. a3 d5 5. Bb5 d4 6. Ne2 Bd6 7. d3 O-O 8. Bc4
Na5 9. Ba2 c5 10. O-O b5 11. Bd2 a6 12. Qe1 Nc6 13. Ng3 Be6 14. Bxe6 fxe6 15.
Qe2 Qd7 16. h3 a5 17. Nh2 a4 18. Ng4 Ne7 19. Bg5 Nxg4 20. Qxg4 Rf7 21. h4 Kh8
22. h5 h6 23. Bd2 c4 24. Rab1 Rc8 25. Ne2 Rf6 26. f4 cxd3 27. cxd3 Rc2 28. fxe5
Bxe5 29. Rxf6 Bxf6 30. Bb4 Nc6 31. Nf4 Ne5 32. Qd1 Rc6 33. b3 Bg5 34. Nh3 Be3+
35. Kh1 axb3 36. Qxb3 Qc7 37. Qd1 Kg8 38. Qf1 Ng4 39. g3 Rc2 40. Qf8+ Kh7 41.
Bd6 Rh2# 0-1

[Event "Sparkassen-Open A"]
[Site "Heusenstamm, Martinsee"]
[Date "2021.11.20"]
[Round "4.35"]
[White "Gebhardt, Ulrich"]
[Black "Bäumer, Frank"]
[Result "1-0"]
[WhiteElo "2093"]
[BlackElo "1939"]
[PlyCount "45"]
[EventDate "2021.??.??"]
[WhiteTeam "SK Ettlingen"]
[BlackTeam "Gambit Gusenburg"]

1. d4 Nf6 2. c4 d6 3. Nc3 c6 4. e4 Qc7 5. g3 e5 6. Nge2 Bg4 7. Bg2 Nbd7 8. f3
Bh5 9. O-O Be7 10. Be3 Bg6 11. Qd2 Rd8 12. d5 Nb6 13. b3 O-O 14. Kh1 Nfd7 15.
Rae1 c5 16. f4 Bh5 17. Nc1 a6 18. Nd3 f6 19. Bh3 Bf7 20. Be6 Na8 21. f5 Rfe8
22. g4 Nf8 23. Rg1 1-0

[Event "Sparkassen-Open A"]
[Site "Heusenstamm, Martinsee"]
[Date "2021.11.20"]
[Round "4.36"]
[White "Oster, Klaus"]
[Black "Schmidt, Markus"]
[Result "0-1"]
[WhiteElo "1937"]
[BlackElo "2089"]
[PlyCount "80"]
[EventDate "2021.??.??"]
[WhiteTeam "SF Sailauf"]
[BlackTeam "SK Niederbrechen"]

1. d4 d5 2. Nf3 Nf6 3. g3 e6 4. Bg2 Be7 5. O-O b5 6. a4 b4 7. c4 bxc3 8. Nxc3
O-O 9. Bf4 Na6 10. Rc1 c6 11. Ne5 Nb4 12. Nb1 Qb6 13. Rc3 a5 14. Na3 Ba6 15.
Be3 Rac8 16. Qa1 Bxe2 17. Rfc1 Rfd8 18. Nc2 Na6 19. f3 Nb8 20. Kf2 Ba6 21. Ne1
Nfd7 22. N1d3 Bxd3 23. Nxd3 Bf6 24. Nc5 Nxc5 25. dxc5 Qb7 26. R3c2 Na6 27. Rd1
Nb4 28. Rcd2 d4 29. Bxd4 Bxd4+ 30. Rxd4 Rxd4 31. Rxd4 Nc2 32. Qd1 Nxd4 33. Qxd4
Rb8 34. Qd6 Qxb2+ 35. Kg1 Qc1+ 36. Bf1 Qe3+ 37. Kh1 Qxf3+ 38. Kg1 Qe3+ 39. Kh1
Qe4+ 40. Kg1 Rf8 0-1

[Event "Sparkassen-Open A"]
[Site "Heusenstamm, Martinsee"]
[Date "2021.11.20"]
[Round "4.38"]
[White "Poschadel, Andreas Gregor"]
[Black "Swoboda, Philipp"]
[Result "1-0"]
[WhiteElo "1906"]
[BlackElo "1976"]
[PlyCount "82"]
[EventDate "2021.??.??"]
[WhiteTeam "Hamelner SV"]
[BlackTeam "SV Frankfurt Nord"]

1. c4 e5 2. Nc3 Nf6 3. g3 Nc6 4. Bg2 Bb4 5. Nd5 Bc5 6. e3 d6 7. Ne2 a6 8. a3
O-O 9. b4 Ba7 10. Bb2 Re8 11. d3 Nxd5 12. cxd5 Ne7 13. O-O Bg4 14. Rc1 Qd7 15.
Qd2 h5 16. Rfe1 h4 17. d4 Ng6 18. e4 Rac8 19. f3 Bh3 20. g4 Bxg2 21. Kxg2 Qe7
22. h3 c6 23. dxc6 bxc6 24. Rcd1 Red8 25. f4 f6 26. f5 Nh8 27. d5 c5 28. bxc5
Rxc5 29. Ng1 Rdc8 30. Rc1 Qb7 31. Qb4 Rb5 32. Rxc8+ Qxc8 33. Qd2 Qc4 34. Nf3
Nf7 35. Bc1 Bb6 36. Nxh4 Ba5 37. Qe2 Qc3 38. Rf1 Ng5 39. Nf3 Rb3 40. Nxg5 fxg5
41. Rf3 Qxf3+ 1-0

[Event "Sparkassen-Open A"]
[Site "Heusenstamm, Martinsee"]
[Date "2021.11.20"]
[Round "4.39"]
[White "Steudel, Max"]
[Black "Bardorz, Jana"]
[Result "1-0"]
[WhiteElo "2052"]
[BlackElo "1851"]
[PlyCount "93"]
[EventDate "2021.??.??"]
[WhiteTeam "SC Brett vorm Kopp"]
[BlackTeam "TSV Rottendorf"]

1. d4 Nf6 2. Nf3 g6 3. Nc3 d5 4. Bf4 c6 5. e3 Bg7 6. h3 O-O 7. Be2 Re8 8. O-O
Nbd7 9. Bh2 b5 10. a3 Bb7 11. Re1 a6 12. b4 a5 13. Bd3 e6 14. Ne5 Qe7 15. Rb1
axb4 16. axb4 Ra3 17. Qd2 Rea8 18. e4 dxe4 19. Bxe4 Nxe5 20. Bxe5 Rd8 21. Bf3
Qd7 22. Ne2 Nd5 23. Bxg7 Kxg7 24. c3 Nb6 25. Qf4 Nc4 26. Rbc1 Rda8 27. Ng3 Ra2
28. Ne4 Qe7 29. Nc5 Nb6 30. h4 h5 31. Be4 Na4 32. Qe5+ Kg8 33. Re3 Nxc5 34.
dxc5 Qxh4 35. g3 Qe7 36. Rd3 Re2 37. Qf4 e5 38. Qf3 Raa2 39. Rcd1 Rxf2 40. Qe3
Qf6 41. Rd6 Rfe2 42. Qxe2 Rxe2 43. Rxf6 Rxe4 44. Rd8+ Kg7 45. Rfd6 Re3 46. Kf2
Rxc3 47. R6d7 1-0

[Event "Sparkassen-Open A"]
[Site "Heusenstamm, Martinsee"]
[Date "2021.11.20"]
[Round "4.40"]
[White "Plum, Paul"]
[Black "Schröder, Jürgen"]
[Result "1/2-1/2"]
[WhiteElo "1851"]
[BlackElo "2054"]
[PlyCount "54"]
[EventDate "2021.??.??"]
[WhiteTeam "SV Koblenz"]
[BlackTeam "SC Matt im Park"]

1. d4 g6 2. Nf3 Bg7 3. c3 d6 4. h4 h5 5. Bg5 Bg4 6. Nbd2 c6 7. Qc2 Nd7 8. e4
Qc7 9. Be2 Ngf6 10. Nc4 d5 11. exd5 Nxd5 12. Ne3 Nxe3 13. Bxe3 O-O 14. Rd1 Rad8
15. Ng5 Bxe2 16. Kxe2 e5 17. g4 Nf6 18. dxe5 Rxd1 19. Rxd1 Qxe5 20. gxh5 Nxh5
21. Qa4 Nf6 22. Rd3 a6 23. Kd2 Nd5 24. Qe4 Nxe3 25. Qxe3 Qxe3+ 26. Kxe3 Re8+
27. Kf3 Bf6 1/2-1/2

[Event "Sparkassen-Open A"]
[Site "Heusenstamm, Martinsee"]
[Date "2021.11.20"]
[Round "4.41"]
[White "Von Auer, Ulrich"]
[Black "Tietzen, Stefan"]
[Result "1/2-1/2"]
[WhiteElo "2033"]
[BlackElo "1887"]
[PlyCount "83"]
[EventDate "2021.??.??"]
[WhiteTeam "SF Frankfurt"]
[BlackTeam "SK Gernsheim"]

1. d4 Nf6 2. c4 g6 3. Nc3 d5 4. Bf4 Bg7 5. Rc1 c6 6. e3 Bf5 7. Nf3 O-O 8. h3
Qb6 9. Qb3 dxc4 10. Bxc4 Nbd7 11. O-O Rac8 12. Rfe1 Be4 13. Ne5 Qxb3 14. Bxb3
Nb6 15. Nxe4 Nxe4 16. Red1 Nf6 17. Bg5 h6 18. Bxf6 Bxf6 19. Nxg6 Rfd8 20. Ne5
Bxe5 21. dxe5 e6 22. Kf1 Kf8 23. Ke2 Ke7 24. Rd4 Nd7 25. f4 h5 26. Rcd1 Rc7 27.
g3 Rg8 28. Kf2 c5 29. R4d2 b5 30. Rg1 c4 31. Bc2 c3 32. bxc3 Rxc3 33. Rb1 Rgc8
34. Rb2 Nb6 35. Bd3 a6 36. Ke2 Rg8 37. Kf2 Na4 38. Rbc2 b4 39. Rxc3 Nxc3 40.
Rc2 a5 41. Kf3 Rd8 42. Bc4 1/2-1/2

[Event "Sparkassen-Open A"]
[Site "Heusenstamm, Martinsee"]
[Date "2021.11.20"]
[Round "4.42"]
[White "Busch, Malte"]
[Black "Bashylina, Luisa"]
[Result "0-1"]
[WhiteElo "1769"]
[BlackElo "1916"]
[PlyCount "70"]
[EventDate "2021.??.??"]
[WhiteTeam "SC Hattersheim"]
[BlackTeam "SG Solingen"]

1. Nc3 d5 2. e4 d4 3. Nce2 e5 4. Ng3 Be6 5. Bb5+ c6 6. Ba4 g6 7. Bb3 Bxb3 8.
axb3 d3 9. Nf3 Bg7 10. O-O Ne7 11. Ne1 dxc2 12. Nxc2 Qd3 13. b4 O-O 14. Ra3 Qd6
15. d4 Rd8 16. Rd3 Na6 17. f4 exd4 18. e5 Qc7 19. Ne4 Qb6 20. Qe1 c5 21. bxc5
Nxc5 22. Rh3 Nf5 23. g4 d3 24. Nxc5 Qxc5+ 25. Ne3 Nd4 26. Bd2 Ne2+ 27. Kh1 Qc6+
28. Rhf3 Nd4 29. Qg3 Qe4 30. Nf5 gxf5 31. gxf5 Nxf3 32. Rxf3 Qxf5 33. Rf2 Kh8
34. Rg2 Rg8 35. Qh4 Qe4 0-1

[Event "Sparkassen-Open A"]
[Site "Heusenstamm, Martinsee"]
[Date "2021.11.20"]
[Round "4.43"]
[White "Makilla, Tobias"]
[Black "Berberich, Christoph"]
[Result "1-0"]
[WhiteElo "1924"]
[BlackElo "2017"]
[PlyCount "167"]
[EventDate "2021.??.??"]
[WhiteTeam "SC Hattersheim"]
[BlackTeam "SGEM Dreisamtal"]

1. e4 c5 2. Nf3 Nc6 3. d4 cxd4 4. Nxd4 Nf6 5. Nc3 e5 6. Ndb5 d6 7. Nd5 Nxd5 8.
exd5 Nb8 9. c4 Be7 10. Be2 O-O 11. O-O a6 12. Nc3 f5 13. f4 Bf6 14. Kh1 Nd7 15.
Be3 b6 16. Rc1 exf4 17. Bxf4 Ne5 18. b4 a5 19. a3 axb4 20. axb4 Bd7 21. Qb3 Kh8
22. Be3 Qc7 23. Nb1 Ba4 24. Qa2 Bd1 25. Qd2 Bxe2 26. Qxe2 g6 27. c5 bxc5 28.
bxc5 dxc5 29. Bxc5 Rac8 30. Ba3 Qb8 31. Bxf8 Rxf8 32. Rfd1 Be7 33. Nc3 Ng4 34.
g3 Bg5 35. Rb1 Qa7 36. Re1 Qd4 37. Qf3 Ne3 38. Nb5 Qd2 39. Nc7 Rc8 40. Red1
Nxd1 41. Rxd1 Qxd1+ 42. Qxd1 Rxc7 43. Qd4+ Kg8 44. Qe5 Re7 45. Qb8+ Kg7 46. Kg2
Re2+ 47. Kg1 Rd2 48. Qc7+ Kg8 49. Qc8+ Kg7 50. Qd7+ Kg8 51. h4 Bf6 52. Kf1 h5
53. Ke1 Rd4 54. Ke2 Re4+ 55. Kf3 Rd4 56. Qe6+ Kg7 57. d6 Rd3+ 58. Kf2 Rd2+ 59.
Ke3 Rd1 60. Qd7+ Kg8 61. Qc8+ Kg7 62. Qb7+ Kf8 63. Qc7 Rd4 64. Ke2 Re4+ 65. Kf3
Rd4 66. Qh7 Rd3+ 67. Kg2 Rd2+ 68. Kh3 Rxd6 69. Qxg6 f4 70. Qh6+ Ke7 71. Qxf4
Rd4 72. Qf5 Rd6 73. Qxh5 Kf8 74. Qh6+ Kf7 75. Qh7+ Bg7 76. h5 Rh6 77. Qf5+ Rf6
78. Qd5+ Kf8 79. g4 Bh6 80. g5 Bxg5 81. Qxg5 Rf7 82. h6 Rh7 83. Qg6 Rf7 84. h7
1-0

[Event "Sparkassen-Open A"]
[Site "Heusenstamm, Martinsee"]
[Date "2021.11.20"]
[Round "4.44"]
[White "Seehaus, Bernhard"]
[Black "Rutsatz, Mario"]
[Result "1/2-1/2"]
[WhiteElo "2013"]
[BlackElo "1929"]
[PlyCount "24"]
[EventDate "2021.??.??"]
[WhiteTeam "Schachforum Darmstadt"]
[BlackTeam "SF Frankfurt"]

1. e4 e6 2. Nc3 c5 3. g3 Nc6 4. Bg2 g6 5. Nf3 Bg7 6. O-O Nge7 7. d3 O-O 8. Be3
d6 9. Qd2 Nd4 10. Bh6 Nxf3+ 11. Bxf3 Nc6 12. Bxg7 Kxg7 1/2-1/2

[Event "Sparkassen-Open A"]
[Site "Heusenstamm, Martinsee"]
[Date "2021.11.20"]
[Round "4.45"]
[White "Benninger, Rudolf"]
[Black "Mehlen, Theodor"]
[Result "1-0"]
[WhiteElo "2008"]
[BlackElo "1861"]
[PlyCount "99"]
[EventDate "2021.??.??"]
[WhiteTeam "SC Heusenstamm"]
[BlackTeam "SC Matt im Park"]

1. e4 c5 2. c3 d5 3. exd5 Nf6 4. Qa4+ Bd7 5. Qb3 Qc7 6. Nf3 e6 7. c4 Bd6 8. Nc3
a6 9. a4 O-O 10. Be2 exd5 11. cxd5 Bg4 12. h3 Bh5 13. O-O Nbd7 14. d3 Rfe8 15.
Be3 Ne5 16. Nxe5 Bxe2 17. Nxe2 Rxe5 18. Nc3 Rh5 19. Rac1 Ng4 20. Qd1 Nf6 21.
Qf3 Re5 22. d4 cxd4 23. Bxd4 Qe7 24. Bxe5 Qxe5 25. g3 Qg5 26. Rfe1 h5 27. Ne4
Nxe4 28. Qxe4 h4 29. g4 Rd8 30. Rcd1 Rc8 31. Qf5 Qxf5 32. gxf5 Rc2 33. Re8+ Kh7
34. Rd4 Kh6 35. Rg4 g6 36. fxg6 fxg6 37. Re6 Bc5 38. Rexg6+ Kh7 39. Rg7+ Kh6
40. R4g6+ Kh5 41. Rg5+ Kh6 42. R7g6+ Kh7 43. Rf6 Rxb2 44. Rf4 Kh6 45. Rg8 Kh7
46. Rgg4 Rd2 47. Rxh4+ Kg6 48. Rhg4+ Kh7 49. Rf5 Rd3 50. Rh5# 1-0

[Event "Sparkassen-Open A"]
[Site "Heusenstamm, Martinsee"]
[Date "2021.11.20"]
[Round "4.46"]
[White "Schreiner, Roland"]
[Black "Kosak, Matjaz"]
[Result "1-0"]
[WhiteElo "2104"]
[BlackElo "1769"]
[PlyCount "111"]
[EventDate "2021.??.??"]
[WhiteTeam "SC Heusenstamm"]
[BlackTeam "SV Frankfurt Nord"]

1. d4 Nf6 2. Nf3 c5 3. c4 g6 4. d5 b5 5. cxb5 a6 6. bxa6 Bg7 7. Nc3 O-O 8. e4
Qa5 9. Bd2 d6 10. Nb5 Qb6 11. a7 Na6 12. Qc2 Bd7 13. a4 Nc7 14. Nxc7 Qxc7 15.
Bc4 Rxa7 16. Bc3 Rfa8 17. b3 Bc8 18. O-O Ba6 19. Nd2 Nd7 20. Bxg7 Kxg7 21. Bxa6
Rxa6 22. Nc4 Nb6 23. Na3 Nc8 24. Rfb1 Qa5 25. Nb5 Na7 26. Qc3+ Qxc3 27. Nxc3
Rb6 28. Ra2 Rab8 29. Rab2 Rb4 30. f3 c4 31. Nb5 Nxb5 32. bxc4 Rxa4 33. cxb5 Kf6
34. b6 Ke5 35. b7 f5 36. Rc1 Ra7 37. Rc7 Kf6 38. exf5 gxf5 39. Kf2 Kf7 40. Re2
f4 41. Rexe7+ Kf6 42. Ke2 Ra2+ 43. Kd3 Rxg2 44. Rc8 Rg8 45. Rxg8 Rxg8 46. Rxh7
Ke5 47. Kc4 Rb8 48. h4 Kf5 49. h5 Kg5 50. Kb5 Kh4 51. Kc6 Kg3 52. Kc7 Rf8 53.
b8=Q Rxb8 54. Kxb8 Kxf3 55. Rf7 Kg4 56. h6 1-0

[Event "Sparkassen-Open A"]
[Site "Heusenstamm, Martinsee"]
[Date "2021.11.20"]
[Round "4.47"]
[White "Stock, Jürgen"]
[Black "Gramb, Marius"]
[Result "0-1"]
[WhiteElo "1874"]
[BlackElo "2131"]
[PlyCount "58"]
[EventDate "2021.??.??"]
[WhiteTeam "SC Steinbach"]
[BlackTeam "Brühler SK"]

1. d4 Nf6 2. c3 d5 3. e3 g6 4. Bd3 Bg7 5. Nd2 O-O 6. Qe2 c5 7. f4 Qc7 8. Ngf3
cxd4 9. cxd4 Nc6 10. a3 Bf5 11. Bxf5 gxf5 12. O-O Na5 13. Kh1 Rac8 14. Rg1 Kh8
15. h3 Qc2 16. Ne1 Qc6 17. g4 fxg4 18. hxg4 Ne4 19. Rb1 Qe6 20. f5 Qh6+ 21. Kg2
e6 22. Nxe4 dxe4 23. Bd2 Nc4 24. Rf1 Bxd4 25. fxe6 Be5 26. Rh1 Qxe6 27. Bc3 Rg8
28. Bxe5+ Nxe5 29. Kg3 Rxg4+ 0-1

[Event "Sparkassen-Open A"]
[Site "Heusenstamm, Martinsee"]
[Date "2021.11.20"]
[Round "4.48"]
[White "Mährlein, Christoph"]
[Black "Müdder, Melanie"]
[Result "1/2-1/2"]
[WhiteElo "2061"]
[BlackElo "1766"]
[PlyCount "87"]
[EventDate "2021.??.??"]
[WhiteTeam "SC Pforzheim"]
[BlackTeam "SG Solingen"]

1. e4 c5 2. Nf3 Nc6 3. Bb5 Nf6 4. Bxc6 dxc6 5. e5 Nd5 6. c4 Nc7 7. O-O g6 8.
Re1 Bg7 9. h3 O-O 10. Nc3 Ne6 11. d3 Nd4 12. Bf4 Nxf3+ 13. Qxf3 Bf5 14. Rad1
Qd4 15. g4 Be6 16. Re4 Qd7 17. Qe3 b6 18. Bh6 Rae8 19. b3 f5 20. exf6 exf6 21.
Bxg7 Kxg7 22. d4 f5 23. dxc5 Qc8 24. gxf5 Bxf5 25. Re7+ Kg8 26. cxb6 axb6 27.
Re1 Rxe7 28. Qxe7 Bxh3 29. Qh4 Bg4 30. Re7 Bh5 31. Qd4 Rf7 32. Rxf7 Kxf7 33.
Qf4+ Kg7 34. Kg2 Qg4+ 35. Qxg4 Bxg4 36. Na4 b5 37. cxb5 cxb5 38. Nc3 Bd7 39. b4
Kf6 40. f4 Kf5 41. Kf3 h5 42. Kg3 h4+ 43. Kxh4 Kxf4 44. Nd5+ 1/2-1/2

[Event "Sparkassen-Open A"]
[Site "Heusenstamm, Martinsee"]
[Date "2021.11.20"]
[Round "4.49"]
[White "Scholzen, Wolfgang"]
[Black "Huck, Robert"]
[Result "1-0"]
[WhiteElo "2058"]
[BlackElo "1851"]
[PlyCount "73"]
[EventDate "2021.??.??"]
[WhiteTeam "SK Turm Euskirchen"]
[BlackTeam "SC Königsspringer Alzenau"]

1. d4 Nf6 2. c4 d6 3. Nc3 Nbd7 4. Nf3 e5 5. e3 Be7 6. Bd3 O-O 7. O-O c6 8. Qc2
a6 9. a4 a5 10. Rd1 Qc7 11. b3 Nb8 12. h3 Na6 13. Na2 Re8 14. Bb2 Bf8 15. Nd2
g6 16. c5 exd4 17. cxd6 Bxd6 18. Nc4 Nb4 19. Nxb4 Bxb4 20. Bxd4 Nd5 21. Rac1
Bf8 22. Qb2 f6 23. Bxf6 Nxf6 24. Qxf6 Be6 25. Qc3 Bg7 26. Qc2 Rad8 27. Nd2 Kh8
28. Nf3 Qe7 29. Bc4 Bf5 30. Qe2 Be4 31. Rxd8 Rxd8 32. Rd1 Bd5 33. Bxd5 Rxd5 34.
Rxd5 cxd5 35. Qb5 Qd8 36. Qxb7 Bf6 37. Qf7 1-0

[Event "Sparkassen-Open A"]
[Site "Heusenstamm, Martinsee"]
[Date "2021.11.20"]
[Round "4.50"]
[White "Nemitz, Alfred"]
[Black "Minor, Viatcheslav"]
[Result "1-0"]
[WhiteElo "1463"]
[BlackElo "2041"]
[PlyCount "83"]
[EventDate "2021.??.??"]
[WhiteTeam "USV Potsdam"]
[BlackTeam "SV Eisenach"]

1. d4 d6 2. e4 g6 3. Nf3 Bg7 4. c4 Nf6 5. Nc3 O-O 6. g3 e5 7. Bg2 exd4 8. Nxd4
Bg4 9. f3 Bd7 10. O-O Nc6 11. Be3 a6 12. a4 Qc8 13. Nxc6 Bxc6 14. Qc2 Re8 15.
b4 b6 16. Rac1 Qe6 17. Qd3 Rac8 18. Rfe1 Nd7 19. b5 Bb7 20. Nd5 a5 21. f4 Nc5
22. Bxc5 dxc5 23. Qf1 Bd4+ 24. Kh1 Bxd5 25. cxd5 Qf6 26. e5 Qg7 27. d6 cxd6 28.
exd6 Rxe1 29. Rxe1 Rd8 30. d7 Qf6 31. Bc6 Kg7 32. Re8 h5 33. Qe2 Bc3 34. Qe4 g5
35. Re7 Qg6 36. Qxg6+ Kxg6 37. fxg5 Kxg5 38. Rxf7 Bf6 39. Be4 Bd4 40. h4+ Kg4
41. Kg2 Be5 42. Bf3# 1-0

[Event "Sparkassen-Open A"]
[Site "Heusenstamm, Martinsee"]
[Date "2021.11.20"]
[Round "4.51"]
[White "Waffenschmidt, Joachim"]
[Black "Armbrust, Matthias"]
[Result "0-1"]
[WhiteElo "2026"]
[BlackElo "1833"]
[PlyCount "104"]
[EventDate "2021.??.??"]
[WhiteTeam "SV Hofheim"]
[BlackTeam "TSG Bretzenheim"]

1. d4 g6 2. c4 Bg7 3. Nc3 d6 4. Nf3 Nc6 5. d5 Ne5 6. Nxe5 Bxe5 7. e4 Bg7 8. Be2
e5 9. dxe6 fxe6 10. O-O Ne7 11. h4 Nc6 12. h5 Bd7 13. Be3 Qe7 14. Qd2 O-O-O 15.
b4 gxh5 16. a4 Rhg8 17. f4 Bxc3 18. Qxc3 Qg7 19. Qxg7 Rxg7 20. b5 Na5 21. f5
exf5 22. exf5 Rf7 23. Bd3 Rg8 24. Rae1 Rg4 25. c5 Nb3 26. cxd6 cxd6 27. Bxa7
Rxa4 28. Be3 Rb4 29. Rb1 Bxb5 30. Bxb5 Rxb5 31. f6 Kd7 32. Rf3 Kc6 33. Rd1 Nc5
34. Rf5 b6 35. Bd4 Nb3 36. Rxb5 Kxb5 37. Bc3 Kc5 38. Rb1 Nd4 39. Bxd4+ Kxd4 40.
Rxb6 Rxf6 41. Rb7 h6 42. Rb4+ Ke5 43. Rh4 Rf5 44. g4 hxg4 45. Rxh6 d5 46. Rg6
Rf4 47. Rg8 Ke4 48. Kg2 Ke3 49. Re8+ Re4 50. Rd8 d4 51. Kf1 Kd2 52. Kf2 d3 0-1

[Event "Sparkassen-Open A"]
[Site "Heusenstamm, Martinsee"]
[Date "2021.11.20"]
[Round "4.52"]
[White "Hesse, Uwe"]
[Black "Fröhlich-Dill, Astrid"]
[Result "1-0"]
[WhiteElo "2014"]
[BlackElo "1848"]
[PlyCount "115"]
[EventDate "2021.??.??"]
[WhiteTeam "VL Düsseldorf"]
[BlackTeam "SV Hofheim"]

1. Nf3 d5 2. d3 Nf6 3. Nbd2 c5 4. e4 Nc6 5. c3 e6 6. Be2 Be7 7. O-O O-O 8. Re1
e5 9. exd5 Nxd5 10. Nc4 Qc7 11. Bf1 Bg4 12. h3 Bxf3 13. Qxf3 Rad8 14. Qg3 Bd6
15. Bg5 f6 16. Bd2 Qf7 17. Nxd6 Rxd6 18. Be2 Kh8 19. Bd1 Nde7 20. Bc2 f5 21.
Rad1 Rg6 22. Bb3 Qf6 23. Qf3 f4 24. Bd5 Nxd5 25. Qxd5 f3 26. g3 Rxg3+ 27. fxg3
f2+ 28. Kh2 fxe1=Q 29. Rxe1 Qg6 30. Qxc5 Kg8 31. Qd5+ Kh8 32. Kg2 Rd8 33. Qf3
Qxd3 34. Bg5 Qxf3+ 35. Kxf3 Rf8+ 36. Ke2 h6 37. Be3 Kh7 38. Rd1 Kg6 39. Rd7 Rf7
40. Rxf7 Kxf7 41. Kd3 Ke6 42. Ke4 b6 43. a4 Na5 44. b4 Nb7 45. a5 Nd6+ 46. Kd3
bxa5 47. Bxa7 axb4 48. cxb4 e4+ 49. Ke3 Kd5 50. Bc5 Nf5+ 51. Kf4 g6 52. g4 Ng7
53. h4 Ne6+ 54. Ke3 h5 55. gxh5 gxh5 56. Bb6 Ke5 57. b5 Ng7 58. Bd4+ 1-0

[Event "Sparkassen-Open A"]
[Site "Heusenstamm, Martinsee"]
[Date "2021.11.20"]
[Round "4.53"]
[White "Bittner, Peter"]
[Black "Eull, Emil"]
[Result "1/2-1/2"]
[WhiteElo "1862"]
[BlackElo "1799"]
[PlyCount "85"]
[EventDate "2021.??.??"]
[WhiteTeam "SC Nied"]
[BlackTeam "SF Neuberg"]

1. e4 c6 2. d4 d5 3. e5 c5 4. c3 Nc6 5. Nf3 cxd4 6. cxd4 Bg4 7. Bb5 Qb6 8. Nc3
e6 9. Bxc6+ bxc6 10. O-O Bxf3 11. gxf3 Ne7 12. b3 Nf5 13. Be3 Ba3 14. Qe2 a5
15. Rad1 O-O 16. Kh1 Rfb8 17. Rg1 Qa7 18. Qf1 Bb2 19. Ne2 a4 20. Rd2 Ba3 21.
bxa4 Qxa4 22. Ng3 Nh4 23. Nh5 Ng6 24. Qh3 Bb4 25. Rdd1 Qxa2 26. f4 Qc2 27. Ng3
Ra6 28. Rc1 Qa2 29. f5 exf5 30. Qxf5 Bd2 31. Rc2 Qa1 32. Bxd2 Qxd4 33. e6 fxe6
34. Qxe6+ Kh8 35. Bc3 Qa7 36. Nf5 Rg8 37. Nxg7 d4 38. Nf5 c5 39. Bxd4+ cxd4 40.
Qd5 Ra4 41. Rd2 Ra5 42. Qxd4+ Qxd4 43. Nxd4 1/2-1/2

[Event "Sparkassen-Open A"]
[Site "Heusenstamm, Martinsee"]
[Date "2021.11.20"]
[Round "4.54"]
[White "Kürschner, Matthias"]
[Black "Scholz, Michael"]
[Result "1-0"]
[WhiteElo "1978"]
[BlackElo "1798"]
[PlyCount "91"]
[EventDate "2021.??.??"]
[WhiteTeam "SK Langen"]
[BlackTeam "SK Mömbris"]

1. c4 Nf6 2. Nc3 g6 3. g3 Bg7 4. Bg2 c6 5. e4 e5 6. Nf3 d6 7. d4 Qc7 8. O-O O-O
9. h3 a6 10. Be3 Nbd7 11. Qc2 Rb8 12. b4 exd4 13. Bxd4 Re8 14. Nd2 Nf8 15. Rfe1
Ne6 16. Be3 Nh5 17. Rad1 b6 18. Nb3 Bb7 19. a4 Ba8 20. Rd2 Rbd8 21. a5 bxa5 22.
bxa5 c5 23. Nd5 Bxd5 24. Rxd5 Nf6 25. Rd3 Nd7 26. f4 Nb8 27. Qf2 Nc6 28. f5 Ne5
29. Rdd1 Nf8 30. f6 Bh8 31. g4 Rb8 32. Nc1 Re6 33. g5 Nxc4 34. Ne2 Rb2 35. Bc1
Rc2 36. Qg3 Qxa5 37. Nf4 Qa2 38. Nxe6 Nxe6 39. e5 dxe5 40. Bd5 Nd4 41. Rxe5
Bxf6 42. Re8+ Kg7 43. gxf6+ Kxf6 44. Qg5+ Kg7 45. Qh6+ Kf6 46. Bg5+ 1-0

[Event "Sparkassen-Open A"]
[Site "Heusenstamm, Martinsee"]
[Date "2021.11.20"]
[Round "4.55"]
[White "Syed, Tareq"]
[Black "Weiland, Thomas"]
[Result "1/2-1/2"]
[WhiteElo "1974"]
[BlackElo "1799"]
[PlyCount "57"]
[EventDate "2021.??.??"]
[WhiteTeam "SV Diag.Harburg"]
[BlackTeam "SV Oberursel"]

1. g3 d5 2. d3 g6 3. Bg2 Nf6 4. Nd2 Bg7 5. e4 dxe4 6. dxe4 Nc6 7. Ngf3 e5 8.
O-O O-O 9. c3 Be6 10. Qc2 Qc8 11. Ng5 Bg4 12. h3 Be2 13. Re1 Ba6 14. b4 h6 15.
a4 b5 16. Ngf3 Rb8 17. Kh2 Rd8 18. a5 Qe6 19. Nb3 Bc8 20. Nc5 Qe7 21. Bf1 a6
22. Nd2 Nd7 23. Ndb3 Nxc5 24. Nxc5 Kh7 25. Be3 Ra8 26. Be2 Qf6 27. Kg2 Bf8 28.
Rh1 Nb8 29. Rad1 1/2-1/2

[Event "Sparkassen-Open A"]
[Site "Heusenstamm, Martinsee"]
[Date "2021.11.20"]
[Round "4.56"]
[White "Ersöz, Can"]
[Black "Rabiya, Karim"]
[Result "0-1"]
[WhiteElo "1964"]
[BlackElo "1803"]
[PlyCount "74"]
[EventDate "2021.??.??"]
[WhiteTeam "SV Würzburg"]
[BlackTeam "SK Niederbrechen"]

1. e4 Nf6 2. e5 Nd5 3. d4 d6 4. Nf3 g6 5. Bc4 Nb6 6. Bb3 Bg7 7. O-O O-O 8. Re1
e6 9. Bg5 Qd7 10. Qc1 c5 11. dxc5 dxc5 12. Qf4 Nc6 13. Nbd2 Nd5 14. Qh4 Nce7
15. Ne4 Nf5 16. Qh3 h6 17. Nf6+ Nxf6 18. exf6 hxg5 19. fxg7 Kxg7 20. Nxg5 Rh8
21. Qc3+ Qd4 22. Rad1 Qxc3 23. bxc3 b5 24. c4 Rh4 25. cxb5 Nd4 26. Nf3 Nxf3+
27. gxf3 c4 28. Ba4 Bb7 29. Rd7 Bxf3 30. Rxe6 Rah8 31. Ree7 Rf4 32. Rc7 Rd8 33.
Red7 Re8 34. Re7 Rd8 35. Re1 Rh8 36. b6 Rg4+ 37. Kf1 Rxh2 0-1

[Event "Sparkassen-Open A"]
[Site "Heusenstamm, Martinsee"]
[Date "2021.11.20"]
[Round "4.57"]
[White "Cors, Heinz-Friedrich"]
[Black "Chassard, Cedric"]
[Result "0-1"]
[WhiteElo "1858"]
[BlackElo "1954"]
[PlyCount "76"]
[EventDate "2021.??.??"]
[WhiteTeam "Schachforum Darmstadt"]
[BlackTeam "SC Schwarzenbach"]

1. c4 Nf6 2. Nc3 e6 3. e4 d5 4. e5 d4 5. exf6 dxc3 6. bxc3 Qxf6 7. Nf3 b6 8. d4
Bb7 9. Bd3 Qd8 10. Qe2 Be7 11. O-O O-O 12. Be4 Bxe4 13. Qxe4 Nd7 14. Bf4 Bd6
15. Bg5 Be7 16. Bf4 Nf6 17. Qc2 Qc8 18. Rfe1 Qa6 19. Qb3 Rfe8 20. Rad1 c6 21.
Bg3 Rad8 22. Ne5 Rc8 23. h3 Red8 24. Nf3 Qa5 25. Re5 Qa3 26. Ree1 b5 27. c5
Qxb3 28. axb3 Nd5 29. Ra1 Nxc3 30. Rxa7 Bf6 31. Bd6 b4 32. Rea1 Nb5 33. Rb7
Bxd4 34. Nxd4 Nxd4 35. Rxb4 Nc2 36. Rba4 Nxa1 37. Rxa1 Ra8 38. Rb1 Rd7 0-1